Текст томруулах:    
Holt Science & Technology (Бичлэгийн дугаар. 145740)
000 -УДИРДЛАГА
Удирдлага 00897nam a22003257a 4500
003 - ХЯНАЛТЫН ТОО ТОДОРХОЙЛОГЧ
Код MN-UlNUM
005 - БИЧИЛТ ХИЙСЭН ОГНОО
Тухайн бичилтийг бичсэн засварласан сүүлийн огноо 20251125110908.0
008 - ЕРӨНХИЙ МЭДЭЭЛЭЛ
Ерөнхий мэдээлэл 130710s2005 nyuao b 001 0 eng
020 ## - ISBN
ISBN 0030222621
-- 9780030222627
040 ## - БИЧЛЭГ ҮҮСГЭГЧ БАЙГУУЛЛАГА
Бичлэг үүсгэгч номын сангийн код МУИС-ийн номын сан
084 ## - ББК АНГИЛАЛ
Нэмэлт тусгалт Сурах бичиг
ББК ангилал 72
Зохиогчийн гурван тэмдэгт H 75
Мэдлэгийн ялгаа 72 - Шинжлэх ухаан
245 00 - ҮНДСЭН ГАРЧИГ
Номын нэр Holt Science & Technology
Бага гарчгийн мэдээ North Carolina: Grade 7
260 ## - ГАРАЛТЫН МЭДЭЭ
Хэвлэгдсэн газар New York, NY.
Хэвлэлийн газар Holt, Rinehart and Winston
Хэвлэгдсэн он 2005
300 ## - МАТЕРИАЛЫН ТОДОРХОЙЛОЛТ
хуудасны тоо xxix, 696 p.
500 ## - Тайлбар
Дансны дугаар БС 5909
546 ## - ХЭЛНИЙ ТУХАЙ МЭДЭЭ
Хэл Англи хэл дээр,
653 ## - Түлхүүр үг
Түлхүүр үг life science
653 ## - Түлхүүр үг
Түлхүүр үг earth science
653 ## - Түлхүүр үг
Түлхүүр үг physical science
653 ## - Түлхүүр үг
Түлхүүр үг lab activity
653 ## - Түлхүүр үг
Түлхүүр үг chapter review
740 ## - НОМЫН ГАРЧИГ
Гарчиг The atmosphere, weather, and climate
740 ## - НОМЫН ГАРЧИГ
Гарчиг Human body systems
740 ## - НОМЫН ГАРЧИГ
Гарчиг Human health
740 ## - НОМЫН ГАРЧИГ
Гарчиг Heredity and genes
740 ## - НОМЫН ГАРЧИГ
Гарчиг Motion, forces, and work
942 ## - ЭЛЕМЕНТИЙН ТӨРӨЛ
Зүйлийн төрөл Ном